| 000 | 00588nam a2200205 u 4500 | ||
|---|---|---|---|
| 005 | 20240912063831.0 | ||
| 008 | 090324s2000 r 000 0 eng d | ||
| 020 | _a9978805710 | ||
| 035 | _aUPN01000170104 | ||
| 049 | _aI | ||
| 050 | 4 |
_aPZ74.9 _bA4.8 |
|
| 100 | 1 | _aAlbasini, Mario | |
| 245 | 1 | 3 |
_aLa ventana de Sebastián y otros cuentos / _cMario Albasini. |
| 260 |
_aQuito : _bLibresa, _c2000. |
||
| 300 |
_a69 p. : _bil. |
||
| 440 | 0 |
_aMitad del mundo ; _v15 |
|
| 650 | 4 |
_aCuentos infantiles argentinos _97466 |
|
| 650 | 4 |
_aLibros y lectura para niños _92290 |
|
| 905 | _aInfantil | ||
| 999 |
_c142210 _d142210 |
||